El orden psiquiátrico (Registro nro. 1528)

Detalles MARC
000 -CABECERA
campo de control de longitud fija 01013nam a2200277Ia 4500
003 - IDENTIFICADOR DEL NÚMERO DE CONTROL
campo de control AR-RoIUNI
005 - FECHA Y HORA DE LA ÚLTIMA TRANSACCIÓN
campo de control 20210823121319.0
007 - CAMPO FIJO DE DESCRIPCIÓN FÍSICA--INFORMACIÓN GENERAL
campo de control de longitud fija ta
008 - DATOS DE LONGITUD FIJA--INFORMACIÓN GENERAL
campo de control de longitud fija 150616s2009 ag r 000 0 spa d
020 ## - NÚMERO INTERNACIONAL ESTÁNDAR DEL LIBRO
Número Internacional Estándar del Libro 9789506024727
040 ## - FUENTE DE LA CATALOGACIÓN
Centro/agencia transcriptor AR-RoIUNI
080 ## - NÚMERO DE LA CLASIFICACIÓN DECIMAL UNIVERSAL
Número de la Clasificación Decimal Universal 159.9:616.89
100 1# - ENTRADA PRINCIPAL--NOMBRE DE PERSONA
Nombre de persona Castel, Robert.
9 (RLIN) 17
245 13 - MENCIÓN DE TÍTULO
Título El orden psiquiátrico
Resto del título la edad de oro del alienismo
Mención de responsabilidad, etc. Robert Castel
250 ## - MENCIÓN DE EDICIÓN
Mención de edición 1a. ed.
260 ## - PUBLICACIÓN, DISTRIBUCIÓN, ETC. (PIE DE IMPRENTA)
Lugar de publicación, distribución, etc. Buenos Aires
Nombre del editor, distribuidor, etc. Nueva Visión
Fecha de publicación, distribución, etc. 2009
300 ## - DESCRIPCIÓN FÍSICA
Extensión 254 p.
Dimensiones 23 cm.
490 1# - MENCIÓN DE SERIE
Mención de serie Cultura y sociedad
500 ## - NOTA GENERAL
Nota general (Cultura y Sociedad).-
505 2# - NOTA DE CONTENIDO CON FORMATO
Nota de contenido con formato 1. El desafío de la locura -- 2. El salvataje de la institución totalitaria -- 3. La primera medicina social -- 4. Unos expertos providenciales -- 5. De la psiquiatría como ciencia política -- 6. La ley y el orden -- 7. El pasaje: de la edad de oro al aggiornamento.
650 #4 - PUNTO DE ACCESO ADICIONAL DE MATERIA--TÉRMINO DE MATERIA
Término de materia o nombre geográfico como elemento inicial PSICOLOGÍA
9 (RLIN) 108
650 #4 - PUNTO DE ACCESO ADICIONAL DE MATERIA--TÉRMINO DE MATERIA
Término de materia o nombre geográfico como elemento inicial PSIQUIATRÍA
9 (RLIN) 237
650 #4 - PUNTO DE ACCESO ADICIONAL DE MATERIA--TÉRMINO DE MATERIA
Término de materia o nombre geográfico como elemento inicial PSICOANÁLISIS
830 #0 - PUNTO DE ACCESO ADICIONAL DE SERIE-TÍTULO UNIFORME
Título uniforme Cultura y sociedad (Nueva Visión)
942 ## - ELEMENTOS DE PUNTO DE ACCESO ADICIONAL (KOHA)
Tipo de ítem Koha Libros
Fuente del sistema de clasificación o colocación Clasificación Decimal Universal
Existencias
Estado de retiro Estado de pérdida Fuente del sistema de clasificación o colocación Estado dañado Excepción de préstamo Código de colección Localización permanente Ubicación/localización actual Ubicación en estantería Fecha de adquisición Número de inventario Total de préstamos Signatura topográfica completa Código de barras Fecha visto por última vez Fecha del último préstamo Número de copia Precio válido a partir de Tipo de ítem Koha Fuente de adquisición
    Clasificación Decimal Universal     Psicología BIBLIOTECA RIOBAMBA BIBLIOTECA RIOBAMBA BIBLIOTECA RIOBAMBA 16/06/2015 1529 1 159.9:616.89 CAS 1529 30/05/2023 30/05/2023 1 16/06/2015 Libros  
    Clasificación Decimal Universal       BIBLIOTECA VENADO TUERTO BIBLIOTECA VENADO TUERTO BIBLIOTECA VENADO TUERTO 23/08/2021 6932   159.9 CAS 6932 23/08/2021     23/08/2021 Libros Compra